Fluid Mechanics (Record no. 27185)
[ view plain ]
| 000 -LEADER | |
|---|---|
| fixed length control field | 00427nam a22001937a 4500 |
| 003 - CONTROL NUMBER IDENTIFIER | |
| control field | SCME |
| 005 - DATE AND TIME OF LATEST TRANSACTION | |
| control field | 20170105105656.0 |
| 008 - FIXED-LENGTH DATA ELEMENTS--GENERAL INFORMATION | |
| fixed length control field | 110525t xxu||||| |||| 00| 0 eng d |
| 040 ## - CATALOGING SOURCE | |
| Transcribing agency | SCME |
| 100 ## - MAIN ENTRY--PERSONAL NAME | |
| Personal name | Pijush K.Kundu |
| 9 (RLIN) | 433 |
| 245 ## - TITLE STATEMENT | |
| Title | Fluid Mechanics |
| 250 ## - EDITION STATEMENT | |
| Edition statement | 2nd |
| 260 ## - PUBLICATION, DISTRIBUTION, ETC. | |
| Place of publication, distribution, etc. | USA |
| Name of publisher, distributor, etc. | Academic Press |
| Date of publication, distribution, etc. | 2002 |
| 300 ## - PHYSICAL DESCRIPTION | |
| Extent | 730p |
| 546 ## - LANGUAGE NOTE | |
| Language note | English |
| 563 ## - BINDING INFORMATION | |
| Binding note | HBC |
| 650 ## - SUBJECT ADDED ENTRY--TOPICAL TERM | |
| Topical term or geographic name entry element | Fluid Mechanics |
| 9 (RLIN) | 432 |
| 942 ## - ADDED ENTRY ELEMENTS (KOHA) | |
| Source of classification or shelving scheme | |
| Koha item type | Book |
| Withdrawn status | Lost status | Source of classification or shelving scheme | Damaged status | Not for loan | Permanent Location | Current Location | Date acquired | Total Checkouts | Full call number | Barcode | Date last seen | Price effective from | Koha item type |
|---|---|---|---|---|---|---|---|---|---|---|---|---|---|
| School of Civil and Environmental Engineering (SCEE) | School of Civil and Environmental Engineering (SCEE) | 05/03/2017 | 620.106 KUN | NIT-8536 | 05/03/2017 | 05/03/2017 | Book |
